| 000 | 00519nam a2200157 i 4500 | ||
|---|---|---|---|
| 001 | 182239 | ||
| 003 | ES-MaACL | ||
| 005 | 20230906221549.0 | ||
| 008 | 130723s1929 fr |||| | fre d | ||
| 100 | 1 |
_aMeunier-Surcouf, Charles ( _d1869-1956) _9153077 |
|
| 245 | 1 | 2 |
_aL'art cinématographique. _nV, _pHollywood au ralenti / C. Meunier-Surcouf. |
| 260 |
_aParis : _bFélix Alcan, _c1929. |
||
| 300 |
_aXII, 143 p., VIII h. de lám. ; _c19 cm. |
||
| 650 |
_aCine- _zEstados Unidos. _9171050 |
||
| 852 |
_aES-MaACL _jC-7032 |
||
| 999 |
_c182239 _d182239 |
||